000 00619nam a2200241Ia 4500
003 OSt
005 20221005121605.0
006 a|||||r|||| 00| 0
007 ta
008 221004b |||||||| |||| 00| 0 eng d
024 _a62925
037 _cTextual
040 _aCRL
_cCRL
_beng
041 _2eng
_aeng
082 _aV212:1:M0, K0-;1
100 _aPanikkar K M
245 0 _aHistory of Kerala 1498-1801
260 _c1960
490 _aAnnamalai University historical series; 15
650 _aHISTORY
942 _hV212:1:M0, K0-;1
_cTEXL
_2cc
999 _c1041643
_d1041643